| 000 | 00510nam a2200169Ia 4500 | ||
|---|---|---|---|
| 003 | GCL | ||
| 008 | 140319s9999 xx 000 0 ara d | ||
| 040 |
_aGCL / _cGCL |
||
| 082 | 0 | 4 |
_a301.412 _bن م |
| 100 | 1 | _aنوال السعدى | |
| 245 | 1 | 0 |
_aمعركة جديدة فى قضية المرأة / _cنوال السعدى |
| 490 | _a | ||
| 650 | 0 | 4 | _aالمرأة فى الحياة العامة |
| 650 | 0 | 4 | _aحقوق المرأة |
| 650 | 0 | 4 | _aالمرأة - رعاية اجتماعية |
| 942 |
_2ddc _cBK |
||
| 999 |
_c44456 _d44456 |
||